[Event "Berlin Lichtenrade op 12th"]
[Site "Berlin"]
[Date "2016.10.27"]
[Round "6"]
[White "Roesemann, Rainer"]
[Black "Koenig, Falk"]
[Result "1-0"]
[WhiteElo "2282"]
[BlackElo "2037"]
[PlyCount "69"]
[EventDate "2016.10.22"]
[EventType "swiss"]
[EventRounds "9"]
[EventCountry "GER"]
[SourceTitle "EXT 2018"]
[Source "ChessBase"]
[SourceDate "2017.10.13"]
[SourceVersion "1"]
[SourceVersionDate "2017.10.13"]
[SourceQuality "1"]

1. c4 e6 2. Nc3 d5 3. d4 c6 4. Nf3 dxc4 5. e4 b5 6. a4 Bb4 7. Be2 Nf6 8. Qc2 Bb7 9. 0-0 a6 10. Bg5 h6 11. Bd2 Be7 12. e5 Nd5 13. Ne4 Nd7 14. Rfc1 Qb6 15. b3 cxb3 16. Qxb3 0-0 17. Qc2 Rfc8 18. Nc5 Nxc5 19. dxc5 Qc7 20. Qe4 Bf8 21. h4 Ne7 22. h5 Rd8 23. Ra3 a5 24. Bd3 g6 25. hxg6 fxg6 26. Qg4 Bc8 27. Bxg6 Nxg6 28. Qxg6+ Qg7 29. Qe4 b4 30. Re3 Qh7 31. Qg4+ Qg7 32. Qh3 Be7 33. Re4 Kh7 34. Rg4 Qf8 35. Qh5 1-0

[Event "Solingen Karneval op"]
[Site "Solingen"]
[Date "2016.02.06"]
[Round "2"]
[White "Koenig, Falk"]
[Black "Erkay, Ali Necip"]
[Result "1-0"]
[WhiteElo "2066"]
[BlackElo "1916"]
[PlyCount "147"]
[EventDate "2016.02.05"]
[EventType "swiss"]
[EventRounds "5"]
[EventCountry "GER"]
[SourceTitle "EXT 2018"]
[Source "ChessBase"]
[SourceDate "2017.10.13"]
[SourceVersion "1"]
[SourceVersionDate "2017.10.13"]
[SourceQuality "1"]

1. d4 Nf6 2. c4 e6 3. Nc3 Bb4 4. a3 Bxc3+ 5. bxc3 c5 6. f3 d6 7. e4 e5 8. Be3 Qe7 9. Bd3 0-0 10. d5 Nh5 11. g3 Na6 12. Qd2 g6 13. Bh6 Ng7 14. Bxg7 Kxg7 15. h4 h6 16. g4 Bd7 17. Ne2 Nc7 18. Ng3 Rh8 19. Kf2 b6 20. Rag1 Rag8 21. Rh2 Kf8 22. Nf1 Ne8 23. Ne3 Qf6 24. Rhh1 Qf4 25. Qc2 Nf6 26. Ke2 g5 27. h5 Ne8 28. a4 Qf6 29. Rb1 Nc7 30. a5 Kg7 31. axb6 axb6 32. Rxb6 Ra8 33. Rb7 Rhc8 34. Qb2 Qf4 35. Kf2 Kg8 36. Rb1 Kg7 37. Ra1 Rxa1 38. Qxa1 Qf6 39. Qb2 Qd8 40. Qb6 Ne8 41. Qxd8 Rxd8 42. Bc2 Kf8 43. Ra7 Ng7 44. Ke2 Ke8 45. Kd2 Rc8 46. Kc1 Rb8 47. Ba4 Bxa4 48. Rxa4 Kf8 49. Ra7 Ke8 50. Kc2 Rd8 51. Kc1 Rb8 52. Nc2 Rd8 53. Na3 Rd7 54. Ra6 Ke7 55. Nb5 Ne8 56. Kb2 Rb7 57. Rc6 Rb8 58. Ra6 Rb7 59. Ka3 Kd7 60. Ka4 Ke7 61. Ka5 Kd7 62. Rc6 Rb8 63. Ra6 Rb7 64. Ra7 Rxa7+ 65. Nxa7 Ng7 66. Nb5 Ne8 67. Na3 Kc7 68. Nc2 Kb7 69. Ne3 Ng7 70. Kb5 Kc7 71. Ka6 Kd7 72. Kb7 Kd8 73. Kc6 Ke7 74. Nf5+ 1-0

[Event "Leipzig VfB op 22nd"]
[Site "Leipzig"]
[Date "2015.03.03"]
[Round "1"]
[White "Koenig, Falk"]
[Black "Nguyen, Alex Dac Vuong"]
[Result "1/2-1/2"]
[WhiteElo "2129"]
[BlackElo "1835"]
[PlyCount "74"]
[EventDate "2015.03.03"]
[EventType "swiss"]
[EventRounds "9"]
[EventCountry "GER"]
[SourceTitle "EXT 2016"]
[Source "ChessBase"]
[SourceDate "2015.10.08"]
[SourceVersion "1"]
[SourceVersionDate "2015.10.08"]
[SourceQuality "1"]

1. e4 e6 2. d4 d5 3. Nc3 Nf6 4. e5 Nfd7 5. Nce2 c5 6. c3 Nc6 7. f4 Qb6 8. Nf3 Be7 9. a3 a5 10. b3 cxd4 11. cxd4 0-0 12. Nc3 f6 13. Bd3 fxe5 14. fxe5 Ndxe5 15. dxe5 Nxe5 16. Rf1 Nxd3+ 17. Qxd3 Bd7 18. Na4 Qd6 19. Be3 Bxa4 20. bxa4 e5 21. Bg5 Bxg5 22. Nxg5 Rxf1+ 23. Kxf1 Qf6+ 24. Nf3 Rd8 25. Qc3 d4 26. Qc4+ Kh8 27. Kg1 e4 28. Nd2 e3 29. Ne4 Qe5 30. Qd3 Re8 31. Rf1 h6 32. Ng3 Qc5 33. Ne2 Rd8 34. Rd1 b6 35. Rc1 Qd6 36. Rf1 Kg8 37. h3 Qc6 1/2-1/2

[Event "Solingen Karneval op"]
[Site "Solingen"]
[Date "2013.02.10"]
[Round "5"]
[White "Koenig, Falk"]
[Black "Baciu, Diana"]
[Result "1-0"]
[WhiteElo "2116"]
[BlackElo "2243"]
[PlyCount "43"]
[EventDate "2013.02.08"]
[EventType "swiss"]
[EventRounds "5"]
[EventCountry "GER"]
[SourceTitle "EXT 2015"]
[Source "ChessBase"]
[SourceDate "2014.11.20"]
[SourceVersion "1"]
[SourceVersionDate "2014.11.20"]
[SourceQuality "1"]

1. e4 e6 2. d4 d5 3. Nc3 Nf6 4. e5 Nfd7 5. f4 c5 6. Nce2 Nc6 7. c3 b6 8. Nf3 Ba6 9. g3 cxd4 10. Nfxd4 Nxd4 11. cxd4 Be7 12. Bh3 Rc8 13. f5 exf5 14. Bxf5 0-0 15. 0-0 f6 16. e6 Nb8 17. Nf4 Qe8 18. Re1 Nc6 19. Be3 Rd8 20. Qb1 g5 21. Bxh7+ Kg7 22. Bg6 1-0

[Event "Bad Woerishofen op 28th"]
[Site "Bad Woerishofen"]
[Date "2012.03.10"]
[Round "9"]
[White "Koenig, Falk"]
[Black "Rahls, Peter"]
[Result "1/2-1/2"]
[WhiteElo "2116"]
[BlackElo "2235"]
[PlyCount "148"]
[EventDate "2012.03.02"]
[EventType "swiss"]
[EventRounds "9"]
[EventCountry "GER"]
[SourceTitle "EXT 2019"]
[Source "ChessBase"]
[SourceDate "2018.10.10"]
[SourceVersion "1"]
[SourceVersionDate "2018.10.10"]
[SourceQuality "1"]

1. e4 c5 2. c3 e6 3. d4 d5 4. exd5 exd5 5. Nf3 Bd6 6. Bb5+ Nc6 7. dxc5 Bxc5 8. 0-0 Nge7 9. Nbd2 0-0 10. Nb3 Bb6 11. Re1 Bg4 12. Be3 Nf5 13. Bxb6 Qxb6 14. Qxd5 Nce7 15. Qc5 Bxf3 16. Qxb6 axb6 17. gxf3 Nc6 18. Bxc6 bxc6 19. Nd4 Nxd4 20. cxd4 Rfd8 21. Rec1 Rd6 22. Rc3 Kf8 23. a3 Ke7 24. Rac1 Kd7 25. Kf1 Rc8 26. Rd1 Ra8 27. b4 b5 28. Rdd3 Re8 29. Rc5 Rb8 30. d5 cxd5 31. Rdxd5 Rxd5 32. Rxd5+ Ke6 33. Rc5 f5 34. f4 g6 35. Ke2 Ra8 36. Re5+ Kd6 37. Re3 Kd5 38. Kd2 Kd6 39. Kc2 Rc8+ 40. Rc3 Re8 41. Rd3+ Kc6 42. Re3 Ra8 43. Kb3 Rd8 44. Kc3 Rc8 45. Kd4 Kd6 46. Rc3 Re8 47. Re3 Ra8 48. Rd3 Rc8 49. Ke3+ Ke6 50. Kf3 h6 51. h4 Rc1 52. Re3+ Kf6 53. Re5 Rc3+ 54. Kg2 Rxa3 55. Rxb5 Rd3 56. Rb6+ Kf7 57. b5 Rd4 58. Kg3 Rd3+ 59. f3 Rd2 60. h5 gxh5 61. Rxh6 Rb2 62. b6 Rb4 63. Rc6 Ke7 64. Rc7+ Kd6 65. Rh7 Kd5 66. b7 Ke6 67. Rh6+ Kf7 68. Rh7+ Kg6 69. Rc7 h4+ 70. Kh3 Kf6 71. Rd7 Kg6 72. Re7 Kf6 73. Rc7 Kg6 74. Rc6+ Kh5 1/2-1/2

[Event "Bad Woerishofen op 28th"]
[Site "Bad Woerishofen"]
[Date "2012.03.08"]
[Round "7"]
[White "Koenig, Falk"]
[Black "Mattes, Heinz"]
[Result "1-0"]
[WhiteElo "2116"]
[BlackElo "1991"]
[PlyCount "51"]
[EventDate "2012.03.02"]
[EventType "swiss"]
[EventRounds "9"]
[EventCountry "GER"]
[SourceTitle "EXT 2019"]
[Source "ChessBase"]
[SourceDate "2018.10.10"]
[SourceVersion "1"]
[SourceVersionDate "2018.10.10"]
[SourceQuality "1"]

1. e4 e6 2. d4 d5 3. Nc3 Nf6 4. e5 Nfd7 5. Nce2 c5 6. c3 Nc6 7. f4 Qb6 8. Nf3 cxd4 9. cxd4 f6 10. Nc3 a6 11. Bd3 Be7 12. h4 0-0 13. Bxh7+ Kxh7 14. Ng5+ Kg6 15. Qd3+ f5 16. h5+ Kh6 17. Qg3 Nxd4 18. Nf7+ Kh7 19. Qg6+ Kg8 20. Nh8 Qd8 21. h6 Bh4+ 22. Kd1 Qe7 23. Rxh4 Rf6 24. exf6 Qxf6 25. Qxf6 Nxf6 26. Ng6 1-0

[Event "Staufer op 24th"]
[Site "Schwaebisch Gmuend"]
[Date "2012.01.04"]
[Round "6"]
[White "Karatsioras, Nikolaos"]
[Black "Koenig, Falk"]
[Result "1-0"]
[WhiteElo "1970"]
[BlackElo "2147"]
[PlyCount "51"]
[EventDate "2012.01.02"]
[EventType "swiss"]
[EventRounds "9"]
[EventCountry "GER"]
[SourceTitle "CBM 146 Extra"]
[Source "ChessBase"]
[SourceDate "2012.02.29"]
[SourceVersion "1"]
[SourceVersionDate "2012.02.29"]
[SourceQuality "1"]

1. e4 c5 2. Nf3 e6 3. d4 cxd4 4. Nxd4 a6 5. Nc3 Qc7 6. g3 Nc6 7. Nde2 Bc5 8. Bg2 d6 9. 0-0 b5 10. e5 dxe5 11. Ne4 Bb6 12. a4 Rb8 13. c3 Nf6 14. Nxf6+ gxf6 15. axb5 axb5 16. Bh6 Ke7 17. Qd3 f5 18. Qf3 Bb7 19. Qh5 Rbg8 20. Rfd1 f4 21. Rd2 Nb8 22. Bxb7 Qxb7 23. Qxe5 fxg3 24. hxg3 Qf3 25. Qd6+ Kf6 26. Qxb6 1-0

[Event "GER-chT9 KI-33 Br02 email"]
[Site "GER email"]
[Date "2011.10.17"]
[Round "?"]
[White "Koenig, Falk"]
[Black "Schmidt, Theo"]
[Result "1/2-1/2"]
[WhiteElo "1636"]
[BlackElo "2098"]
[PlyCount "40"]
[EventDate "2011.10.23"]
[EventType "tourn (corr)"]
[EventRounds "4"]
[EventCountry "GER"]
[SourceTitle "Corr 2015"]
[Source "ChessBase"]
[SourceDate "2015.07.17"]
[SourceVersion "1"]
[SourceVersionDate "2015.07.17"]
[SourceQuality "1"]
[WhiteTeam "Germany"]
[BlackTeam "Latvia"]
[WhiteTeamCountry "GER"]
[BlackTeamCountry "LAT"]

1. e4 c5 2. Nf3 d6 3. Bb5+ Bd7 4. Bxd7+ Qxd7 5. 0-0 Nc6 6. c3 Nf6 7. d4 Nxe4 8. d5 Ne5 9. Re1 Nf6 10. Nxe5 dxe5 11. c4 e6 12. Nc3 0-0-0 13. Bg5 h6 14. Bh4 Be7 15. Rxe5 Nxd5 16. cxd5 Bxh4 17. Qg4 Bf6 18. dxe6 fxe6 19. Rxc5+ Kb8 20. Rd1 Qe7 1/2-1/2

[Event "Oberliga Ost-A 9900"]
[Site "Germany"]
[Date "2000.01.30"]
[Round "7.7"]
[White "Woetzel, Nils"]
[Black "Koenig, Falk"]
[Result "1-0"]
[WhiteElo "2104"]
[BlackElo "2196"]
[PlyCount "67"]
[EventDate "1999.10.??"]
[EventType "team"]
[EventRounds "11"]
[EventCountry "GER"]
[SourceTitle "EXT 2002"]
[Source "ChessBase"]
[SourceDate "2001.11.25"]
[SourceVersion "1"]
[SourceVersionDate "2001.11.25"]
[SourceQuality "1"]

1. e4 c5 2. Nf3 e6 3. d4 cxd4 4. Nxd4 Nf6 5. Nc3 Nc6 6. Ndb5 d6 7. Bf4 e5 8. Bg5 a6 9. Na3 b5 10. Bxf6 gxf6 11. Nd5 Be6 12. c3 Bg7 13. Nc2 Ne7 14. Nce3 Rc8 15. Nxe7 Qxe7 16. a4 Qd7 17. axb5 axb5 18. Ra5 Rb8 19. Ra6 Bf8 20. Be2 Qb7 21. Ra5 Qc6 22. 0-0 Be7 23. Nd5 Bd8 24. Nb4 Qd7 25. Ra6 Rb6 26. Qa1 0-0 27. Rxb6 Bxb6 28. Qa6 Rb8 29. Bxb5 Bxf2+ 30. Rxf2 Rxb5 31. Rxf6 Kg7 32. Rf3 Bc4 33. Rg3+ Kh6 34. Qa1 1-0

[Event "Oberliga Ost-A 9899"]
[Site "Germany"]
[Date "1999.??.??"]
[Round "?"]
[White "Peters, Andreas"]
[Black "Koenig, Falk"]
[Result "1/2-1/2"]
[WhiteElo "2295"]
[BlackElo "2190"]
[PlyCount "81"]
[EventDate "1998.10.??"]
[EventType "team"]
[EventRounds "11"]
[EventCountry "GER"]
[SourceTitle "EXT 2000"]
[Source "ChessBase"]
[SourceDate "1999.11.16"]
[SourceVersion "1"]
[SourceVersionDate "1999.11.16"]
[SourceQuality "1"]

1. e4 c5 2. Nc3 Nc6 3. g3 g6 4. Bg2 Bg7 5. d3 e6 6. Be3 d6 7. f4 Nge7 8. Nf3 Rb8 9. 0-0 0-0 10. Qd2 b5 11. d4 cxd4 12. Nxd4 Nxd4 13. Bxd4 b4 14. Bxg7 Kxg7 15. Ne2 Ba6 16. Rfd1 Bxe2 17. Qxe2 Qb6+ 18. Qf2 Qxf2+ 19. Kxf2 Rfc8 20. Rd2 Rb5 21. Bf1 Rbc5 22. Bd3 d5 23. a3 bxa3 24. Rxa3 a5 25. Rd1 Rb8 26. Rda1 Nc6 27. exd5 exd5 28. b3 Nb4 29. Rxa5 Nxd3+ 30. cxd3 Rc2+ 31. Ke3 Rxb3 32. Rxd5 Rb7 33. h4 h5 34. Ra6 Rg2 35. Kf3 Rbb2 36. Re5 Rbf2+ 37. Ke3 Re2+ 38. Kd4 Rxe5 39. fxe5 Rxg3 40. Ra7 Kf8 41. Ra8+ 1/2-1/2

[Event "Oberliga Ost A 9697"]
[Site "Germany"]
[Date "1996.11.17"]
[Round "2.1"]
[White "Koenig, Falk"]
[Black "Jahnel, Guenther"]
[Result "0-1"]
[WhiteElo "2190"]
[BlackElo "2235"]
[PlyCount "80"]
[EventDate "1996.10.13"]
[EventType "team"]
[EventRounds "9"]
[EventCountry "GER"]
[SourceTitle "EXT 2011"]
[Source "ChessBase"]
[SourceDate "2010.11.26"]
[SourceVersion "1"]
[SourceVersionDate "2010.11.26"]
[SourceQuality "1"]
[WhiteTeam "Dessau Anhalt II"]
[BlackTeam "Hoyerswerda"]
[WhiteTeamCountry "GER"]
[BlackTeamCountry "GER"]

1. e4 d6 2. d4 Nf6 3. Nc3 g6 4. f4 Bg7 5. Nf3 c5 6. dxc5 Qa5 7. Bd3 Qxc5 8. Qe2 0-0 9. Be3 Qa5 10. 0-0 Bg4 11. h3 Bxf3 12. Qxf3 Nc6 13. a3 Nd7 14. Bd2 Rac8 15. Kh1 Qd8 16. Qf2 Nc5 17. Qh4 e6 18. Qg3 f5 19. Rae1 Kh8 20. b4 Nxd3 21. Qxd3 Nd4 22. exf5 gxf5 23. Ne2 Nxe2 24. Rxe2 Qd7 25. Rfe1 Rfe8 26. c4 b5 27. cxb5 d5 28. Rc1 Rxc1+ 29. Bxc1 d4 30. Bb2 Qd6 31. Rf2 h6 32. Qc4 e5 33. Qf7 Rf8 34. Qxa7 e4 35. Qc5 Qf6 36. Qc6 Qh4 37. Kg1 e3 38. Re2 Qxf4 39. Qd7 Be5 40. Bxd4 Qh2+ 0-1